Fr. Conceicao Rodrigues College of Engineering

Rolling of Metals (Record no. 33458)

MARC details
000 -LEADER
fixed length control field 00247nam a2200121Ia 4500
100 ## - MAIN ENTRY--PERSONAL NAME
Personal name Chaturvedi/R.C
245 ## - TITLE STATEMENT
Title Rolling of Metals
260 ## - PUBLICATION, DISTRIBUTION, ETC.
Name of publisher, distributor, etc. Yantruik
Place of publication, distribution, etc. Bombay
Date of publication, distribution, etc. 1981
300 ## - PHYSICAL DESCRIPTION
Extent 386
546 ## - LANGUAGE NOTE
Language note ENGLISH
654 ## - SUBJECT ADDED ENTRY--FACETED TOPICAL TERMS
Focus term rolling
942 ## - ADDED ENTRY ELEMENTS (KOHA)
Koha item type BOOK
Holdings
Withdrawn status Lost status Damaged status Not for loan Collection Home library Current library Shelving location Date acquired Total Checkouts Full call number Barcode Date last seen Price effective from Koha item type
        CRC Fr. Agnel's C.Rodrigues College of Engineering Fr. Agnel's C.Rodrigues College of Engineering   17/03/2023   5431 17/03/2023 17/03/2023 BOOK
        CRC Fr. Agnel's C.Rodrigues College of Engineering Fr. Agnel's C.Rodrigues College of Engineering   17/03/2023   5432 17/03/2023 17/03/2023 BOOK
        CRC Fr. Agnel's C.Rodrigues College of Engineering Fr. Agnel's C.Rodrigues College of Engineering   17/03/2023   5433 17/03/2023 17/03/2023 BOOK
        CRC Fr. Agnel's C.Rodrigues College of Engineering Fr. Agnel's C.Rodrigues College of Engineering   17/03/2023   5434 17/03/2023 17/03/2023 BOOK
        CRC Fr. Agnel's C.Rodrigues College of Engineering Fr. Agnel's C.Rodrigues College of Engineering   17/03/2023   5435 17/03/2023 17/03/2023 BOOK